Loading...
| Literature - Long Fiction | 0 | 3 | 1 | 1 | 25 | 105 | 138.33 | 1 | 3 |
| Literature - Poetry | 1 | 1 | 1 | 0 | 20 | 70 | 96.00 | 0 | 2 |
| Science - Biology | 0 | 2 | 0 | 1 | 20 | 101 | 119.50 | 0 | 2 |
| Literature - Drama | 0 | 2 | 0 | 0 | 20 | 86 | 97.00 | 1 | 2 |
| Religion | 0 | 1 | 0 | 0 | 10 | 128 | 128.00 | 0 | 1 |
| Current Events | 0 | 1 | 0 | 0 | 10 | 95 | 95.00 | 0 | 1 |
| Fine Arts - Classical Music | 0 | 1 | 0 | 1 | 10 | 149 | 149.00 | 0 | 1 |
| Literature - Misc Literature | 0 | 1 | 0 | 0 | 10 | 111 | 111.00 | 0 | 1 |
| Other Academic | 0 | 1 | 0 | 1 | 10 | 154 | 154.00 | 0 | 1 |
| Philosophy | 0 | 1 | 1 | 1 | 5 | 157 | 157.00 | 0 | 1 |
| Social Science | 0 | 0 | 0 | 0 | 0 | 0.00 | 0 | 0 |